Hợp tác anh ninh - quân sự giữa Mỹ và Nhật Bản dưới chính quyền Barack Obama giai đoạn 2009-2013
Gorde:
| Egile nagusia: | |
|---|---|
| Formatua: | Ezezaguna |
| Hizkuntza: | Vietnamese |
| Argitaratua: |
2014
|
| Gaiak: | |
| Etiketak: |
Etiketa erantsi
Etiketarik gabe, Izan zaitez lehena erregistro honi etiketa jartzen!
|
| Thư viện lưu trữ: | Mạng thư viện Đại học Đà Nẵng |
|---|
| LEADER | 00924na a2200289 4500 | ||
|---|---|---|---|
| 001 | 000032119 | ||
| 003 | 8109 | ||
| 005 | 20151014000000.0 | ||
| 008 | 151001s2014 000 vie | ||
| 041 | |a vie | ||
| 082 | |a 959.73 |b VO-N | ||
| 100 | |a Võ Đại Thành Nhân | ||
| 245 | |a Hợp tác anh ninh - quân sự giữa Mỹ và Nhật Bản dưới chính quyền Barack Obama giai đoạn 2009-2013 |c Võ Đại Thành Nhân | ||
| 260 | |c 2014 | ||
| 300 | |a 60tr. : mh ; 30cm | ||
| 650 | |a Võ Đại Thành Nhân, 2014, Khoa QTH, giai đoạn 2009-2013 | ||
| 852 | |b Chuyên đề |c Luận văn sinh viên 1 | ||
| OWN | |a LNN | ||
| 999 | |a From the UDN01 | ||
| TYP | |a Printed language | ||
| 980 | |a Mạng thư viện Đại học Đà Nẵng | ||